| 000 | 00909nam a22002177a 4500 | ||
|---|---|---|---|
| 005 | 20210325204906.0 | ||
| 008 | s2553 th ||||| |||| 00| 0 tha d | ||
| 020 | _a9789746147514 | ||
| 050 | _aBQ5335 พ355ช 2553 ล.4 | ||
| 100 | 0 | _aพระไพศาล วิสาโล | |
| 245 | 1 | 0 | _aชีวิติอิสระ : ธรรมบรรยาย เล่ม 4 [3rd] |
| 260 | 3 |
_aกรุงเทพฯ : _bสวนเงินมีมา, _c2553 |
|
| 300 |
_a151 หน้า ; _b 17 ซม. |
||
| 650 | 0 | 4 | _aธรรมะกับชีวิตประจำวัน |
| 650 | 0 | 4 | _aพระไพศาล วิสาโล -- ธรรมบรรยาย |
| 850 | _aNALT | ||
| 942 | _cGB | ||
| 997 | _a38195 ฉ.1 /38196 ฉ.2 | ||
| 997 | _c000000000062083 | ||
| 998 | _aนางสุกัญญา กัลยา | ||
| 999 |
_c62083 _d62083 |
||